000 01026nam a2200277Ia 4500
003 OSt
005 20221005110613.0
006 a|||||r|||| 00| 0
007 ta
008 221004b |||||||| |||| 00| 0 hin d
020 _a8126303455 (hbk)
_c200
024 _a7974
037 _b253, 24/10/2013, Swaraj Prakashan
_cTextual
040 _aCRL
_cCRL
_bhin
041 _2hin
_ahin
082 _aO152,3N483,PN, P5
100 _aमिथिलेश्वर
245 0 _aप्रेम न बाड़ी ऊपजै
246 _aPrem n bāड़ī ūpajai
260 _aनई दिल्ली
_bभारतीय ज्ञानपीठ भारत
_c2005
300 _a182पृ0
_ccm.
490 _aलोकोदय ग्रन्थमाला; ग्रन्थांक 578
650 _aहिन्दी साहित्य
942 _hO152,3N483,PN, P5
_cTEXL
_2cc
999 _c1019329
_d1019329